02273 a2200409 04500001000700000003001200007005001700019008004100036010001000077020001900087040005900106082002200165245012500187264006600312300004000378504003100418505089800449526001001347526001001357526001001367526001001377526000801387526000801395526000801403526000801411526000801419526000801427526000801435650001801443650001801461700004401479700004101523942001501564980009801579999001701677952016901694725926MARCOrgCode20250731173558.0050703s2011 idu eng d a33567 a9780816324286  aBiblioteca Monte MorelosbspacPE-LiUPUdPE-LiUPUerda04a231.7652bU5522300aUnderstanding creation : banswers to questions on faith and science / ceditado por L. James Gibson y Humberto M. Rasi  aNampa, Idaho : bPacific Press Publishing Association,c2011. a223 páginas : c24 centímetros. aAl final de cada capitulo. aWhy do different scientists interpret reality differently? -- What is creation theory? -- are the Bible and science in conflict? -- what is the difference between data and interpretation? -- what is the evidence for a Creator? -- How can we interpret the first chapter of Genesis? -- What are the meaning and implications of the big bang theory? -- When did creation occur? -- Where did life come from? -- How reliable is radiometric dating? -- Can I belive in a worldwide flood? -- What does the fossil record thell us? -- How do plate tectonics relate to the Bible? -- How do dinosaurs fit in a biblical perspective? -- Does the theory of evolution explain the diversity of life? -- Is the theory of evolution scientific? -- Where do humans come from? -- What are the moral implications of Darwinism? -- Can a christian be a good scientist? -- How can I live without having all the answers? aSEG42 aSEG41 aSEG40 aSEG39 aP94 aP87 aP86 aP85 aP77 aP76 aP3514aCreacionismo 14aFe y razón  aRasi, Humbertod1935-2023eeditor91506 aGibson, L. Jamesd1919eeditor91507 2ddccBKn0 621515aDIGNA BRAÑES Analista Documental81gALBERTO SANCHEZ Responsable de Automatización c61889d61889 r2025-12-03 00:00:00l0o231.7652 U55p81506te1v25.00w2023-07-04xFACTEOyBKzinventario-2023-12-13102ddc50708GENfP35aBULbBULcGENd2019-11-12eDonación